000 01257nam a2200385 i 4500
999 _c252
_d252
001 021440515
003 UkOxU
005 20190802114053.0
008 090605s2003 nyu 001 0 eng|d
020 _a0415944872
_qpaperback
_c25.99
020 _a9780415944878
_qpaperback
_c25.99
035 _a(UKLoRHUL)000679485ROY01-Aleph
035 _a(UkLoRHUL)990006794850402671
035 _a(UkLoRLUK)9990006794850402671
038 _aUkLoRLUK
040 _beng
_erda
_dUkOxU
_cKH8
049 _lc
082 0 4 _a306.2 GID
_222
100 1 _aGiddens, Anthony,
_eauthor.
245 1 0 _aRunaway world :
_bhow globalisation is reshaping our lives /
_cAnthony Giddens.
250 _a[2nd ed.].
264 1 _aNew York :
_bRoutledge,
_c[2003?]
264 4 _c©2003
300 _axxxiii, 104 pages ;
_c20 cm
336 _atext
_2rdacontent
337 _aunmediated
_2rdamedia
338 _avolume
_2rdacarrier
500 _aPrevious ed.: London: Profile, 1999; New York: Routledge, 2000.
504 _aIncludes bibliographical references and index.
650 0 _aPolitical sociology.
650 0 _aGlobalization
_xSocial aspects.
650 0 _aInternational economic relations
_xSocial aspects.
942 _2ddc
_cNFIC